[Event "ESP-ch U12"]
[Site "Salobrena"]
[Date "2021.07.05"]
[Round "1"]
[White "Tabuenca Mendataurigoitia, Daniel"]
[Black "Carrasco Gomez, Ariadna"]
[Result "1-0"]
[WhiteElo "1893"]
[BlackElo "1242"]
[PlyCount "89"]
[EventDate "2021.07.05"]
[EventType "swiss"]
[EventRounds "9"]
[EventCountry "ESP"]
[SourceTitle "EXT 2022"]
[Source "ChessBase"]
[SourceDate "2021.10.06"]
[SourceVersion "1"]
[SourceVersionDate "2021.10.06"]
[SourceQuality "1"]

1. e4 c5 2. Nc3 e6 3. g3 Nc6 4. Bg2 g6 5. d3 Bg7 6. Be3 d6 7. Qd2 Bd7 8. Nge2 Nd4 9. 0-0 a6 10. Nd1 Nxe2+ 11. Qxe2 Ne7 12. c3 e5 13. Qd2 Qb6 14. f4 0-0 15. h4 Rac8 16. Kh2 f5 17. fxe5 dxe5 18. b4 Bb5 19. c4 Bc6 20. Bxc5 Qd8 21. Nc3 b6 22. Bxe7 Qxe7 23. Nd5 Qd8 24. Bh3 Bd7 25. Qe3 Rb8 26. Rae1 a5 27. b5 Rf7 28. exf5 gxf5 29. Qg5 Qxg5 30. hxg5 Be6 31. Bxf5 Bxf5 32. Rxf5 Rxf5 33. Ne7+ Kf7 34. Nxf5 Bh8 35. Kh3 Kg6 36. Kg4 Rd8 37. Rh1 Rxd3 38. Rh6+ Kf7 39. Rxh7+ Kg8 40. g6 Bf6 41. Nh6+ Kf8 42. Rf7+ Ke8 43. Rxf6 Rd4+ 44. Kf5 e4 45. g7 1-0

[Event "ESP-ch U12"]
[Site "Salobrena"]
[Date "2020.07.28"]
[Round "3"]
[White "Sierra Pena, Mario"]
[Black "Carrasco Gomez, Ariadna"]
[Result "1-0"]
[WhiteElo "1335"]
[BlackElo "1223"]
[PlyCount "59"]
[EventDate "2020.07.27"]
[EventType "swiss"]
[EventRounds "9"]
[EventCountry "ESP"]
[SourceTitle "EXT 2021"]
[Source "ChessBase"]
[SourceDate "2020.10.23"]
[SourceVersion "1"]
[SourceVersionDate "2020.10.23"]
[SourceQuality "1"]

1. c4 Nf6 2. Nc3 d6 3. d3 g6 4. e4 Bg7 5. g3 0-0 6. Bg2 c5 7. Nge2 Nc6 8. 0-0 a6 9. Rb1 Rb8 10. a3 Ne8 11. b4 b6 12. h3 Nc7 13. f4 Ne6 14. Be3 Bd7 15. Qd2 Ned4 16. g4 Re8 17. f5 f6 18. Nf4 Qc7 19. Ncd5 Qd8 20. fxg6 hxg6 21. Nxg6 Kh7 22. Nh4 e6 23. Nf4 Re7 24. Nh5 Rf7 25. g5 Kg8 26. g6 Rf8 27. Bh6 Bxh6 28. Qxh6 Qe7 29. g7 Kf7 30. Rxf6+ 1-0

[Event "Barcelona Sant Marti op-B 21st"]
[Site "Barcelona"]
[Date "2019.07.16"]
[Round "4"]
[White "Carrasco Gomez, Ariadna"]
[Black "Torres Teruel, Joan"]
[Result "0-1"]
[WhiteElo "1191"]
[BlackElo "1455"]
[PlyCount "68"]
[EventDate "2019.07.13"]
[EventType "swiss"]
[EventRounds "9"]
[EventCountry "ESP"]
[SourceTitle "EXT 2020"]
[Source "ChessBase"]
[SourceDate "2019.10.17"]
[SourceVersion "1"]
[SourceVersionDate "2019.10.17"]
[SourceQuality "1"]

1. e4 c5 2. Nc3 e6 3. g3 Nc6 4. Bg2 Nge7 5. d3 g6 6. Be3 Bg7 7. Bxc5 b6 8. Be3 Bb7 9. Qd2 0-0 10. Bh6 d5 11. exd5 Nb4 12. Bxg7 Kxg7 13. Nge2 Nbxd5 14. Nxd5 Bxd5 15. f3 Rc8 16. 0-0 Nf5 17. c4 Ba8 18. Qc3+ Kg8 19. Qd2 Qd6 20. Rac1 Rfd8 21. Rfd1 Rd7 22. b3 Rcd8 23. Rc3 Qc5+ 24. Kh1 Qf2 25. Rf1 Qc5 26. Re1 Nd4 27. Nxd4 Rxd4 28. Rd1 Qf5 29. Qe2 Qa5 30. Rc2 Bc6 31. Qd2 Rxd3 32. Qxd3 Rxd3 33. Rxd3 Qe1+ 34. Bf1 Qxf1# 0-1